Historia de la pintura uruguaya / (Record no. 435)
[ view plain ]
| 000 -LEADER | |
|---|---|
| campo de control de longitud fija | 01452cam a2200301 a 4500 |
| 001 - NÚMERO DE CONTROL | |
| campo de control | 12369833 |
| 005 - FECHA Y HORA DE LA ÚLTIMA TRANSACCIÓN | |
| campo de control | 20220326193311.0 |
| 008 - DATOS DE LONGITUD FIJA--INFORMACIÓN GENERAL | |
| campo de control de longitud fija | 010316s1999 uy a b 000 0 spa |
| 010 ## - NÚMERO DE CONTROL DE LA BIBLIOTECA DEL CONGRESO | |
| Número de control de LC | 2001286514 |
| 020 ## - NÚMERO INTERNACIONAL ESTÁNDAR DEL LIBRO | |
| Número Internacional Estándar del Libro | 9974100526 (v. 1) |
| 035 ## - NÚMERO DE CONTROL DEL SISTEMA | |
| Número de control de sistema | (DLC) 2001286514 |
| 040 ## - FUENTE DE CATALOGACIÓN | |
| Centro catalogador/agencia de origen | DLC |
| Centro/agencia transcriptor | DLC |
| 042 ## - CÓDIGO DE AUTENTICACIÓN | |
| Código de autenticación | lcode |
| 043 ## - CÓDIGO DE ÁREA GEOGRÁFICA | |
| Código de área geográfica | s-uy--- |
| 082 ## - NÚMERO DE LA CLASIFICACIÓN DECIMAL DEWEY | |
| Número de clasificación | 700.989.1 |
| Número de ítem | P393h1 |
| 100 1# - ENTRADA PRINCIPAL--NOMBRE DE PERSONA | |
| Nombre de persona | Peluffo Linari, Gabriel. |
| 9 (RLIN) | 495 |
| 245 10 - MENCIÓN DEL TÍTULO | |
| Título | Historia de la pintura uruguaya / |
| Mención de responsabilidad, etc. | Gabriel Peluffo Linari. |
| 250 ## - MENCION DE EDICION | |
| Mención de edición | 2a ed. |
| 260 ## - PUBLICACIÓN, DISTRIBUCIÓN, ETC. | |
| Lugar de publicación, distribución, etc. | Montevideo, Uruguay : |
| Nombre del editor, distribuidor, etc. | Ediciones de la Banda Oriental, |
| Fecha de publicación, distribución, etc. | c1999. |
| 300 ## - DESCRIPCIÓN FÍSICA | |
| Extensión | 2 v. : |
| Otras características físicas | ill. (some col.) ; |
| Dimensiones | 27 cm. |
| 440 ## - MENCIÓN DE SERIE/PUNTO DE ACCESO ADICIONAL--TÍTULO | |
| Designación de volumen o secuencia | 1 |
| 9 (RLIN) | 2262 |
| 504 ## - NOTA DE BIBLIOGRAFÍA, ETC. | |
| Nota de bibliografía, etc. | Includes bibliographical references. |
| 505 0# - NOTA DE CONTENIDO CON FORMATO | |
| Nota de contenido con formato | t. 1. El imaginario nacional-regional (1830-1930). De Blanes a Figari -- t. 2. Representaciones de la modernidad (1930-1960). |
| Título | Prefacio |
| -- | La pintura en los origenes de la nacionalidad |
| -- | La pintura nacional a fines del siglo XIX |
| -- | El modernismo |
| -- | Universalismo y nativismo en la decada del veinte |
| -- | Pintura, Enseñanza y critica en los años veinte |
| -- | Pedro Figari y el nativismo Rioplatense |
| -- | Textos complementarios |
| 650 #0 - PUNTO DE ACCESO ADICIONAL DE MATERIA--TÉRMINO DE MATERIA | |
| Término de materia o nombre geográfico como elemento de entrada | Painting, Uruguayan. |
| Subdivisión de forma | Arte Uruguayo |
| Subdivisión cronológica | Arte - Historia de la pintura (1830 - 1930) |
| Subdivisión geográfica | Uruguay |
| 9 (RLIN) | 2103 |
| 700 ## - ENTRADA AGREGADA--NOMBRE PERSONAL | |
| Nombre de persona | Peluffo Linari, Gabriel. |
| 9 (RLIN) | 495 |
| 906 ## - ELEMENTOS DE DATOS F LOCAL, LDF (RLIN) | |
| a | 7 |
| b | cbc |
| c | origode |
| d | 2 |
| e | ncip |
| f | 20 |
| g | y-gencatlg |
| Estatus retirado | Estado de pérdida | Fuente del sistema de clasificación o colocación | Estado de daño | No para préstamo | Biblioteca de origen | Biblioteca actual | Ubicación en estantería | Fecha de adquisición | Total de préstamos | Signatura topográfica completa | Código de barras | Visto por última vez | Precio de reemplazo | Tipo de ítem Koha |
|---|---|---|---|---|---|---|---|---|---|---|---|---|---|---|
| Clasificación Decimal Dewey | Biblioteca LadoV | Biblioteca LadoV | 16/02/2015 | 700.989.1 P393h1 | 000410 | 16/02/2015 | 16/02/2015 | Material 01 |
